000 00245nam a22001097a 4500
008 170112b xxu||||| |||| 00| 0 eng d
020 _a9791560793556
041 _aeng
080 _a618.2
245 _aNURSING PROGRAMS
_cPETERSON
942 _2udc
_cBK
999 _c2769
_d2769